00799nam a22002177a 4500999001900000005001700019010001500036020002600051035001400077037000900091082001000100100002400110245009800134260004400232270008900276300002600365700001400391700002200405942002400427952013000451 c186293d18629320220222102538.0 aENG-131726 a9788195368723c820.00 aEN-115258 bDBAD a519.5 aReddy, D. Ranadheer aMathematical and Statistical Foundations/cD. Ranadheer Reddy, G. Vanaja and G. Chandra Mohan aHyderabadbAmaravati Publicationsc2021 a# 326/C, III Floor, Surneni Nilayam Near B K Guda Park, S R NagarbHyderabade500038 axvi, 672p.c24cm(pbk) aVanaja, G aMohan, G. Chandra 2ddccENh519.5mRED 001040708NFICaLbLd2022-02-22eDBAD/PUBg820.00l2o519.5 REDpEN-115258r2025-05-07 00:00:00s2025-04-29t1v820.00yEN